00433nam a2200145Ia 4500008004100000020001000041040001700051041001200068082001600080100001700096245004900113260005400162300001600216500005500232230917s9999||||xx |||||||||||||| ||und|| cRS930 e237862aMAIN aEnglish a512.23 S53R aSimon, Barry 0aRepresentations of finite and compact groups aRhode IslandbAmerican Mathematical Societyc2012 axii, 266 p. a2602 09/02/2017 RBP17/63738 17/02/2017 Main Budget